Green Day - Warning (Tracks) - Statistics

General Stats
  • This quiz has been taken 39 times
  • The average score is 9 of 12
Answer Stats
Track Number Track Name % Correct
1 Warning
100%
12 Macy's Day Parade
94%
10 Waiting
87%
11 Minority
81%
2 Blood, Sex and Booze
77%
5 Castaway
71%
3 Church on Sunday
71%
4 Fashion Victim
71%
9 Jackass
68%
6 Misery
68%
7 Deadbeat Holiday
65%
8 Hold On
55%
No matching quizzes found
Score Distribution
Percent of People with Each Score
Percentile by Number Answered
Your Score History
You have not taken this quiz